| 000 | 00598nam a2200181 a 4500 | ||
|---|---|---|---|
| 001 | 000044860 | ||
| 005 | 20240704133524.0 | ||
| 008 | 150114s2010 dr a 000 0 spa d | ||
| 020 | _a9789945409062 | ||
| 040 |
_aDO-SdBNP _bspa _cBNPHU |
||
| 082 |
_axxxx _bxxxx |
||
| 100 | 1 |
_aMartínez Fernández, Héctor, _d1949- _919541 |
|
| 245 | 1 | 0 |
_aNerón : _b20 siglos de infamias / _cHéctor Martínez Fernández. |
| 260 |
_aSanto Domingo : _bConadex, _c2010. |
||
| 300 |
_a46 p. : _bil. ; _c22 cm. |
||
| 500 | _aIncluye datos biográficos del autor en la contracubierta | ||
| 504 | _aBibliografía : p. 45-46 | ||
| 999 |
_c44349 _d44349 |
||